Κατάλογος Βιβλιοθηκών Mediterranean College

Sleep and Dreaming / Third Edition (Record no. 51)

MARC details
000 -LEADER
fixed length control field 01273cam a22002054a 4500
005 - ΗΜΕΡΟΜΗΝΙΑ ΚΑΙ ΩΡΑ ΤΕΛΕΥΤΑΙΑΣ ΕΝΗΜΕΡΩΣΗΣ
Πεδίο ελέγχου 20250605163922.0
008 - FIXED-LENGTH DATA ELEMENTS--GENERAL INFORMATION
Πεδίο ελέγχου σταθερού μήκους 250528s ||||||||||||||||||||||||d
035 ## - SYSTEM CONTROL NUMBER
System control number 14418
020 ## - ISBN
ISBN 333947657
040 ## - ΠΗΓΗ ΚΑΤΑΛΟΓΟΓΡΑΦΗΣΗΣ
Φορέας πρωτότυπης καταλογογράφησης MC Athens Campus Library
Γλώσσα καταλογογράφησης Ελληνικά, Μοντέρνα (1453-)
Modifying agency MC Athens Campus Library
Κανόνες περιγραφικής καταλογογράφησης AACR2
245 1# - ΤΙΤΛΟΣ ΚΑΙ ΔΗΛΩΣΗ ΥΠΕΥΘΥΝΟΤΗΤΑΣ
Τίτλος Sleep and Dreaming / Third Edition
250 ## - EDITION STATEMENT
Edition statement 3rd
260 ## - PUBLICATION, DISTRIBUTION, ETC.
Name of publisher, distributor, etc. Palgrave Macmillan,
Date of publication, distribution, etc. 2002
300 ## - PHYSICAL DESCRIPTION
Extent 254
520 ## - SUMMARY, ETC.
Summary, etc. A fascinating insight into this most universal of subjects, critically analyzing the most recent research by psychologists and neuroscientists and reviewing historical and cultural beliefs about dreams. Preface, Acknowledgements, The Context of Sleep Research, The Obvious: Beliefs about Sleep and Dreaming, Studying Sleep in the Laboratory, The Experience of Sleep, The Dreams of Rapid Eye Movement Sleep, The Quality of the Sleeping Experience, What is a Dream?, The Physiology and Natural History of Sleep, The Physiology of Sleep, Sleep Disturbance, The Psychology of Sleep, Determinants of Sleep Quality, The Sleep of Animals, The Evolution and Functions of Sleep, Sleep Disorders, Adult Sleep Disorders, The Psychological Treatment of Insomnia, Children's Sleep Problems, References, Index.
700 1# - ΠΡΟΣΘΕΤΗ ΑΝΑΓΡΑΦΗ--ΦΥΣΙΚΟ ΠΡΟΣΩΠΟ
Personal name Empson Jacob
9 (RLIN) 68
942 ## - ADDED ENTRY ELEMENTS (KOHA)
Koha item type Books
Holdings
Τύπος τεκμηρίου Βιβλιοθήκη Τρέχουσα τοποθεσία Barcode Αριθμός εισαγωγής Ημερομηνία απόκτησης Ταξιθετικό σύμβολο Αριθμός αντιτύπου Κατάσταση απόσυρσης Κατάσταση χαμένου Κατάσταση κατεστραμμένου Μη δανεισμός Σύνολο δανεισμών Ημερομηνία τελευταίας εμφάνισης Η τιμή ισχύει από
Books MC Athens Campus Library MC Athens Campus Library 9780000000507 2323 05/06/2025 612.821 EMP 1           05/06/2025 05/06/2025

MC Athens Campus Library
Πατησίων 94 & Κοδριγκτώνος 13, 104 34
Πελλήνης 8 & Πατησίων 107, 112 51
Τ: +30 210 8899600

MC Thessaloniki Campus Library
Ίωνος Δραγούμη 21, 54625 | Ίωνος Δραγούμη 15, 54625
Τ: +30 2310 287779 – Τ: +30 2314 440300